000 00667nam a2200229 u 4500
005 20240228064229.0
008 160126s2008 r 000 0 eng d
020 _a9786079501105
035 _aUPN01000207698
049 _aI
050 4 _aPZ28
_bM6.3
100 1 _aMontpetit, Charles
_938314
245 1 3 _aLa gran amenaza /
_cCharles Montpetit ; il. Fabián González ; tr. Cristian Arcos.
260 _aMéxico :
_bCIDCLI,
_c2008.
300 _a33 p. :
_bil.
440 0 _aBrincacharcos
650 4 _aLiteratura infantil francesa
_913687
650 4 _aLibros y lectura para niños
_92290
905 _aInfantil
999 _c179799
_d179799